Подробности
| 000 -МАРКЕР |
| контрольное поле |
01513nam0a22003371 4500 |
| 001 - ИДЕНТИФИКАТОР ЗАПИСИ |
| контрольное поле |
rc\2190573 |
| 005 - ИДЕНТИФИКАТОР ВЕРСИИ |
| контрольное поле |
20250623055746.0 |
| 035 ## - ДРУГИЕ СИСТЕМНЫЕ НОМЕРА |
| Идентификатор записи |
(NLR Aleph) 006612468 |
| 100 ## - ДАННЫЕ ОБЩЕЙ ОБРАБОТКИ |
| Данные общей обработки |
20110829d1978 |||y0rusy50 ca |
| 101 0# - ЯЗЫК РЕСУРСА |
| Язык текста, звукозаписи и т.д. |
русский |
| -- |
французский |
| -- |
английский |
| -- |
немецкий |
| 102 ## - СТРАНА ПУБЛИКАЦИИ ИЛИ ПРОИЗВОДСТВА |
| Страна публикации |
российская федерация |
| 105 ## - ПОЛЕ КОДИРОВАННЫХ ДАННЫХ: ТЕКСТОВЫЕ МАТЕРИАЛЫ, МОНОГРАФИЧЕСКИЕ |
| Кодированные данные о монографическом текстовом документе |
a z ||||| |
| 200 1# - ЗАГЛАВИЕ И СВЕДЕНИЯ ОБ ОТВЕТСТВЕННОСТИ |
| Основное заглавие |
Труды XII конгресса УНИАТЕК, 5-10 октября 1976 |
| Параллельное заглавие |
Actes du XII congres of L'UNIATEC |
| -- |
Proceedings of the XII congress of UNIATEC |
| 210 ## - ПУБЛИКАЦИЯ, РАСПРОСТРАНЕНИЕ И ДР. |
| Место издания, распространения и т.д. |
Москва |
| Имя издателя, распространителя и т. д. |
Внешторгиздат |
| Дата издания, распространения и т.д. |
[1978] |
| 215 ## - ФИЗИЧЕСКАЯ ХАРАКТЕРИСТИКА |
| Специфическое обозначение материала и объем |
[1], 381 с. |
| Другие сведения о физической характеристике |
ил. |
| Размеры |
28 |
| 300 ## - ОБЩИЕ ПРИМЕЧАНИЯ |
| Текст примечания |
Текст на рус., фр., англ. и нем. яз. |
| 510 0# - ПАРАЛЛЕЛЬНОЕ ЗАГЛАВИЕ |
| Параллельное заглавие |
Proceedings of the XII congress of UNIATEC |
| Язык заглавия |
русский |
| 510 0# - ПАРАЛЛЕЛЬНОЕ ЗАГЛАВИЕ |
| Параллельное заглавие |
Actes du XII congres of L'UNIATEC |
| Язык заглавия |
русский |
| 517 0# - ДРУГИЕ ВАРИАНТЫ ЗАГЛАВИЯ |
| Вариант заглавия |
Veröffentlichungen des XII UNIATEC - Kongresses |
| 710 02 - НАИМЕНОВАНИЕ ОРГАНИЗАЦИИ - ПЕРВИЧНАЯ ОТВЕТСТВЕННОСТЬ |
| Начальный элемент ввода |
Международный союз техн. кинематографических ассоциаций |
| Структурное подразделение |
Конгресс |
| Порядковый номер временной организации и / или порядковый номер ее части |
12 |
| Дата проведения временной организации |
1976 |
| Место проведения временной организации |
Москва |
| 712 02 - НАИМЕНОВАНИЕ ОРГАНИЗАЦИИ - ВТОРИЧНАЯ ОТВЕТСТВЕННОСТЬ |
| Начальный элемент ввода |
International union of technical cinematographic associations |
| Структурное подразделение |
Congress |
| Порядковый номер временной организации и / или порядковый номер ее части |
12 |
| Дата проведения временной организации |
1976 |
| Место проведения временной организации |
Moscow |
| 712 02 - НАИМЕНОВАНИЕ ОРГАНИЗАЦИИ - ВТОРИЧНАЯ ОТВЕТСТВЕННОСТЬ |
| Начальный элемент ввода |
Internationale Union der filmtechnischen Assoziationen |
| Структурное подразделение |
Kongress |
| Порядковый номер временной организации и / или порядковый номер ее части |
12 |
| Дата проведения временной организации |
1976 |
| Место проведения временной организации |
Moskau |
| 712 02 - НАИМЕНОВАНИЕ ОРГАНИЗАЦИИ - ВТОРИЧНАЯ ОТВЕТСТВЕННОСТЬ |
| Начальный элемент ввода |
Union internationale des assocations techniques cinematographiques |
| Структурное подразделение |
Congres |
| Порядковый номер временной организации и / или порядковый номер ее части |
12 |
| Дата проведения временной организации |
1976 |
| Место проведения временной организации |
Moscou |
| 801 #0 - ИСТОЧНИК ЗАПИСИ |
| Страна |
российская федерация |
| Организация |
NLR |
| Правила каталогизации |
psbo |
| 801 #1 - ИСТОЧНИК ЗАПИСИ |
| Страна |
российская федерация |
| Организация |
ELAR |
| Источник данных |
rusmarc |
| 852 ## - МЕСТОНАХОЖДЕНИЕ И ШИФР ХРАНЕНИЯ |
| Идентификатор организации |
NLR |
| Шифр хранения (Call Number) |
78-8/1254 |
| 899 ## - ДАННЫЕ О МЕСТОНАХОЖДЕНИИ (устаревшее) |
| Местонахождение |
RuMoRGB |
| Шифр хранения |
Б 78-13/321 |
| 899 ## - ДАННЫЕ О МЕСТОНАХОЖДЕНИИ (устаревшее) |
| Местонахождение |
RuMoRGB |
| Шифр хранения |
Б 78-13/322 |
| 942 ## - ДОПОЛНИТЕЛЬНЫЕ ЭЛЕМЕНТЫ ЗАПИСИ (АБИС) |
| Тип экземпляра АБИС |
Книга |
| 980 ## - КОЛЛЕКЦИЯ |
| Название коллекции |
Национальная библиография |